MARC

LEADER 00000nam0a2200000 4500
001 325704
005 20231102003805.0
035 |a (RuTPU)RU\TPU\book\351319 
090 |a 325704 
100 |a 20161209d1953 m y0rusy50 ca 
101 0 |a rus 
102 |a RU 
105 |a a z 000zy 
200 1 |a Астрономические обсерватории (как изучают небо)  |f П. П. Паренаго 
210 |a Москва  |c Государственное издательство технико-теоретической литературы  |d 1953 
215 |a 52 с.  |c ил. 
225 1 |a Популярные лекции по астрономии 
606 1 |a Обсерватории  |2 stltpush  |3 (RuTPU)RU\TPU\subj\46628  |9 65747 
610 1 |a история 
610 1 |a телескопы 
610 1 |a небо 
610 1 |a изучение 
610 1 |a популярные лекции 
675 |a 520.1  |v 4 
700 1 |a Паренаго  |b П. П. 
801 1 |a RU  |b 63413507  |c 20161209 
801 2 |a RU  |b 63413507  |c 20200724  |g RCR 
942 |c BK